Central Library OPAC University of Rajshahi

Philosophical papers / (Record no. 981)

MARC details
000 -LEADER
fixed length control field 00841nam a2200289 a 4500
001 - CONTROL NUMBER
control field 981
003 - CONTROL NUMBER IDENTIFIER
rucl marc code BD-RjUL
005 - DATE AND TIME OF LATEST TRANSACTION
control field 20211208233247.0
008 - FIXED-LENGTH DATA ELEMENTS--GENERAL INFORMATION
fixed length control field 131124s1970 enk 001 0 eng
020 ## - INTERNATIONAL STANDARD BOOK NUMBER
International Standard Book Number 0198243464
035 ## - SYSTEM CONTROL NUMBER
System control number (BD-RjUL)1003
040 ## - CATALOGING SOURCE
Original cataloging agency DLC
Transcribing agency DLC
Modifying agency DLC
-- BD-RjUL
Language of cataloging eng
041 ## - LANGUAGE CODE
Language code of text/sound track or separate title eng
082 00 - DEWEY DECIMAL CLASSIFICATION NUMBER
Classification number 100
Edition number 20
Author mark and year AUP 1970
100 1# - MAIN ENTRY--PERSONAL NAME
Personal name Austin, J. L.
Fuller form of name (John Langshaw),
Dates associated with a name 1911-1960.
9 (RLIN) 2886
245 10 - TITLE STATEMENT
Title Philosophical papers /
Statement of responsibility, etc. Edited by J. O. Urmson and G. J. Warnock.
250 ## - EDITION STATEMENT
Edition statement 2d ed.
260 ## - PUBLICATION, DISTRIBUTION, ETC. (IMPRINT)
Place of publication, distribution, etc. Oxford :
Name of publisher, distributor, etc. Clarendon Press ,
Date of publication, distribution, etc. c1970.
300 ## - PHYSICAL DESCRIPTION
Pagination vii, 290 p. ;
Size 21 cm.
504 ## - BIBLIOGRAPHY, ETC. NOTE
Bibliography, etc Includes index.
650 #0 - SUBJECT ADDED ENTRY--TOPICAL TERM
Topical term or geographic name as entry element Philosophy.
9 (RLIN) 2887
700 1# - ADDED ENTRY--PERSONAL NAME
Personal name Urmson, J. O.,
Relator term ed.
Personal name Warnock, G. J.
Fuller form of name (Geoffrey James),
Dates associated with a name 1923-
Relator term ed.
942 ## - ADDED ENTRY ELEMENTS (KOHA)
Source of classification or shelving scheme Dewey Decimal Classification
Koha item type Books
Holdings
Lost status Source of classification or shelving scheme Damaged status Not for loan Collection code Permanent Location Current Location Shelving location Date acquired Source of acquisition Cost, normal purchase price Total Checkouts Full call number Date last seen Copy number Koha item type
  Dewey Decimal Classification     Non-fiction Central Library, University of Rajshahi Central Library, University of Rajshahi   13/01/1972 George's ben selter 2.20   100 AUP 1970 24/11/2013 C-2 Books